Pak Ali: Dengan apinja Marhaenisme kita laksanakan Dwikora. (Record no. 73376)

MARC details
000 -LEADER
fixed length control field 00854cam a22002291 4500
001 - CONTROL NUMBER
control field sa 67002693
003 - CONTROL NUMBER IDENTIFIER
control field DLC
005 - DATE AND TIME OF LATEST TRANSACTION
control field 20260227112332.0
008 - FIXED-LENGTH DATA ELEMENTS--GENERAL INFORMATION
fixed length control field 860422s1964 io c 000 0 ind
010 ## - LIBRARY OF CONGRESS CONTROL NUMBER
LC control number sa 67002693
025 ## - OVERSEAS ACQUISITION NUMBER
Overseas acquisition number PL480:Indo-2772
035 ## - SYSTEM CONTROL NUMBER
System control number (OCoLC)13481314
040 ## - CATALOGING SOURCE
Original cataloging agency DLC
Transcribing agency KyU
Modifying agency KyU
-- DLC
042 ## - AUTHENTICATION CODE
Authentication code premarc
050 00 - LIBRARY OF CONGRESS CALL NUMBER
Classification number JQ779.A56
Item number S3
100 1# - MAIN ENTRY--PERSONAL NAME
Personal name Sastroamidjojo, Ali,
Dates associated with a name 1903-1975.
245 10 - TITLE STATEMENT
Title Pak Ali: Dengan apinja Marhaenisme kita laksanakan Dwikora.
Statement of responsibility, etc. Pidato dalam rapat raksasa peringatan ulang tahun P.N.I. jang ke-37 di Lembaga-Administrasi Negara, Djakarta, 4 Djuli 1964.
260 ## - PUBLICATION, DISTRIBUTION, ETC.
Place of publication, distribution, etc. [Djakarta,
Name of publisher, distributor, etc. Departemen Penerangan-Propaganda, Partai Nasional Indonesia,
Date of publication, distribution, etc. 1964?]
300 ## - PHYSICAL DESCRIPTION
Extent 43 p.
Other physical details port.
Dimensions 21 cm.
610 20 - SUBJECT ADDED ENTRY--CORPORATE NAME
Corporate name or jurisdiction name as entry element Partai Nasional Indonesia.
740 0# - ADDED ENTRY--UNCONTROLLED RELATED/ANALYTICAL TITLE
Uncontrolled related/analytical title Dengan apinja Marhaenisme kita laksanakan Dwikora.

No items available.

Powered by Koha